| 000 | 00000nas 2200000za 4500 |
| 001 | 9.502205 |
| 003 | CaOODSP |
| 005 | 20230823085845 |
| 007 | cr ||||||||||| |
| 008 | 150406d19992009xxc|| p o||||f| |0fre|d |
| 040 | |aCaOODSP|bfre |
| 043 | |an-cn--- |
| 086 | 1 |aHS55F-PDF |
| 245 | 00|aTribunaux de révision du Régime de pensions du Canada et de la Sécurité de la vieillesse, rapport annuel. |
| 246 | 3 |aRapport annuel du BCTR |
| 264 | 1|aOttawa, Ontario : |bBureau du Commissaire des Tribunaux de révision, Régime de pensions du Canada/Sécurité de la vieillesse, |c2000-2009. |
| 310 | |aAnnuel |
| 362 | 1 |aParaît depuis 1998-1999; ne paraît plus après 2008-2009. |
| 500 | |aRapport biennal en 2000-2002 et en 2002-2004. |
| 710 | 1 |aCanada.|bBureau du Commissaire des Tribunaux de révision, Régime de pensions du Canada/Sécurité de la vieillesse, |eorganisme de publication. |
| 775 | 08|tCanada Pension Plan/Old Age Security review tribunals - annual report |w(CaOODSP)9.505800 |
| 776 | 0#|tTribunaux de révision du Régime de pensions du Canada et de la Sécurité de la vieillesse - rapport annuel |w(CaOODSP)9.511751 |
| 776 | 0#|tCanada Pension Plan/Old Age Security review tribunals - annual report |w(CaOODSP)9.511750 |